000 00465nam a2200181Ia 4500
001 2760
005 20260306144830.0
008 260306t2012||||xx |||||||||||||| ||spa||
041 _aESP
082 _a226.7
_bC25
100 _aCantalamessa, Raniero
_eAUT
245 0 _aLas bienaventuranzas evangélicas:
_bocho escalones hacia la felicidad
260 _c2012
300 _a149 páginas :
_c18 cm.
650 _aGEN
654 _aCHU
942 _cLIB
_dJUS
_fJUS
_2ddc
_n
999 _c2760
_d2760